MDQL
is popping MORE tags! Check the
thread
!
Quizzes
Events
Quiz Creation
Community
Videos
Private Events
Remove Ads
Sign In
Join for FREE
Feedback
Dark Mode
Quiz Categories
Sports
Geography
Music
Movies
Television
Just For Fun
Miscellaneous
History
Literature
Language
Science
Gaming
Entertainment
Religion
Holiday
For Kids
Quiz Lab
Recent
Popular Today
Quiz Kudos Today
Editor Picks
Curator Picks
Quizzes by...
Day
Popularity
Type
Ratings
Length
Year
Community
Subscriptions
Recent Discussions
Orange Saloon
Badges
Playlists
Quests
Create
Leaderboards
Showdown
Live 5
Trivia Bingo
Activity
Puzzle Library
Sporcle Events
Private Events
Virtual Trivia
Globe League
Become a Host
Pub Owners
SporcleCon
Opinionation
Our Games
Videos
Blog
Mobile Apps
Partnerships
Remove Ads and Go Orange
Feedback
Entertainment
Celebrity
Famous
Musical
Broadway
Show
Quote
Comic Books
Anime
Superhero
DC Comics
Marvel
Cartoons
Animation
Entertainment
Celebrity
Famous
Musical
Broadway
Show
Quote
Comic Books
Anime
Superhero
DC Comics
Marvel
Cartoons
Animation
Random Quiz
Search Sporcle
×
Quiz Lab
Quiz Lab
Entertainment
TV Show
Select answers by clicking on text or image buttons
Select answers by clicking on text or image buttons
Clickable
Best Score? Go Orange.
Better Call Saul S1 Follow That Line Stats
Follow the line from Season 1 of Better Call Saul
By
K4013
5m
20 Questions
1,688 Plays
1,688 Plays
1,688 Plays
Comments
Comments
Give Quiz Kudos
Give Quiz Kudos
-
- Ratings
hide this ad
Forced Order
Answers have to be entered in order
Answers have to be entered in order
Random Order
Randomize order of answers
Randomize order of answers
Replay
Link that replays current quiz
Next Quiz
Link to next quiz in quiz playlist
You Got
0%
They Got
Avg Score
59%
Avg Friend Score
Upgrade to see
Score Distribution
Jump to the score distribution portion of the page
Score
0/20
Timer
05:00
0
Plays Today
% Correct
Son of a bitch. Fine. You win. Hooray for you! Backing up! I have to back up! I need more stickers! Don’t have enough stickers! Thank you!
87.6%
So that's it then, right? Keep old Jimmy down in the mailroom. He's not good enough to be a lawyer.
85.8%
I am asking you to take a few ounces of lukewarm coffee and spill it on him. I doubt that satisfies the definition of 'assault,' but, hey, you're the lawyer.
85.2%
You're not a real lawyer.
80.8%
Assisted living.
79.4%
A pimento.
79.3%
You know what happened. The question is, can you live with it?
78.6%
Hey, buddy, you're the one with the sex toilet.
73.9%
Uh, uh, I I'm not saying it's not, but it's a bit hard to read. Next time, I'd use double-ply.
64.4%
Yeah. Well, I know what stopped me. And you know what? It's never stopping me again.
62.5%
% Correct
Go to hell, Howard! I'm not giving you my case. And I'm gonna tell every one of those clients what a lying miserable pig f***er you are. I will burn the whole thing to the ground before I give it to you!
59.6%
Not without the money. It's the only chip those Kettlemans have, and they refuse to play it.
56.7%
Wait, I'm not a bad guy.
49.9%
I don't even know what that means.
46.2%
You look like Matlock.
43.7%
You didn't need any help getting caught, okay? The neighbor ID'd you. You were sloppy.
41.7%
Stop. Helping.
39.5%
Get me out of here today...or you're a dead man.
33%
This was the greatest week of my life.
25.8%
Camping? You expect me to believe that ****?
19.6%
Quiz Playlist
Details
Report
Send in Message
Add To Playlist
Clickable:
Select answers by clicking on text or image buttons
Forced Order:
Answers have to be entered in order
Random Order:
Randomize order of answers
Last Updated: May 31, 2020
Quiz Scoreboard
CHALLENGE
Sign Up to Join the Scoreboard
Show All
Scores
Hide
Comments
May contain spoilers
Recently Published
Two Season TV Shows II
by 123Four
Television
10m
Image Sorting: Flags VI
by Barbecue
Geography
2m
Find the 'City' Movie
by crazypaving
Movies
60s
More to Explore
Quiz From the Vault
Featured Blog Post
14 Easter Pick-up Lines to Find Eggs With
hide this ad
You Might Also Like...
Tags
TV Show Quiz
amc
Better Call Saul
Breaking Bad
saul
Today's Top Quizzes in Entertainment
Browse Entertainment
hide this ad
Today's Top Quizzes in TV Show
Browse TV Show
Top Contributed Quizzes in Entertainment
1
Marvel Classic Character Map
2
Dragon Ball Z: Goku's Fights in Order
3
Marvel Characters Bunker
4
Movie-Themed Roller Coasters
5
JoJo's Bizarre Logic Quiz
6
Harry Styles-Are you no.1 fan
7
Sorting Pictures: Villains
8
This is Your Life: Edward Elric
9
This is Your Life: Itachi Uchiha
10
Celebrity Spelling Bee
Explore More
Trending Topics
Crossword
Kpop
Harry Potter
NBA
Disney
Anime
Marvel
Country
Puzzle
The Office
Pokémon
NFL
Song
Soccer
WWE
hide this ad
More By:
K4013
Quiz
Plays
Rating
Category
Featured
Created
Better Call Saul S1 Follow That Line
1,688
5.00
Entertainment
Sep 17, 2017
Better Call Saul S5 Follow That Line
1,297
5.00
Television
May 27, 2020
Better Call Saul S3 Follow That Line
1,151
5.00
Entertainment
Sep 22, 2017
Better Call Saul S2 Follow That Line
979
5.00
Entertainment
Sep 19, 2017
Breaking Bad S1 Follow That Line
776
4.33
Television
Aug 29, 2019
Go to Creator's Profile
Score Distribution
Quiz Creator Spotlight
K4013
Follow
Send a Message
Quizzes Created
-
Created Quiz Play Count
-
More By This Creator
Popular Quizzes Today
1
Find the US States - No Outlines Minefield
2
Colored Red Africa Blitz
3
Find the 'City' Movie
4
5x2 Blitz: Bands
5
The Countries of the World
6
Find the Countries of Europe - No Outlines Minefield
7
Find the US States
8
US States
More Entertainment Quizzes
Lore Olympus A-Z (Extreme)
Quiz Lab
Trending Quizzes
Colored Red Europe Blitz I
Colored Red Africa Blitz II
Colored Red Europe Blitz II
Colored Red Africa Blitz III
Colored Red Europe Blitz III
Recently Updated
How Do You Spell That?
pecheneg
Godzilla Movies
pecheneg
Grab Bag: 4-10 Letters
pecheneg
2024 March Madness Bracket
pecheneg
Famous TV Couples
Peacemaker
Champions League XIs: Real Madrid
pecheneg
Largest US Cities 1790-2010
pecheneg
Rides in Walt Disney World
pecheneg
Most Oscar Losses (Acting)
pecheneg
Beyoncé Albums
pecheneg
Trending Topics
Disney
Marvel
NBA
Harry Potter
Kpop
Anime
Crossword
Puzzle
Country
WWE
Pokémon
Soccer
NFL
The Office
Song
Your Account Isn't Verified!
In order to create a playlist on Sporcle, you need to verify the email address you used during registration. Go to your
Sporcle Settings
to finish the process.
Report this User
Report this user for behavior that violates our
Community Guidelines
.
Details:
Send Report
Go to the Sporcle.com Mobile Site →
Comments